[Event "White Nights"]
[Site "St Petersburg RUS"]
[Date "2007.06.25"]
[Round "1"]
[White "Donskov,Ana"]
[Black "Karasev,V"]
[Result "0-1"]
[WhiteElo "2055"]
[BlackElo "2376"]

1.e4 c5 2.Nf3 e6 3.d4 cxd4 4.Nxd4 a6 5.Nc3 Qc7 6.Be2 Bd6 7.Be3 Nf6 8.h3 Bb4
9.Bd3 d5 10.exd5 Nxd5 11.O-O Bxc3 12.bxc3 e5 13.Nf5 Bxf5 14.Bxf5 Nxe3 15.fxe3 O-O
16.Qe1 Nc6 17.Rd1 Rad8 18.Rd3 Ne7 19.Rxd8 Rxd8 20.Bd3 b5 21.Qe2 g6 22.c4 b4
23.Qf3 f5 24.g4 Rf8 25.gxf5 gxf5 26.Rf2 Kh8 27.Rg2 Ng6 28.Qh5 Qf7 29.Rf2 Ne7
30.Qxf7 Rxf7 31.c5 Rf6 32.Kh2 Rc6 33.Bxf5 Nxf5 34.Rxf5 Rxc5 35.Rf2 Rc3 36.Re2 Kg7
37.Kg2 Kf6 38.Rf2+ Ke6 39.Kf3 Kf5 40.Rd2 Ra3 41.Rd5 Rxa2 42.Rc5 a5 43.e4+ Ke6
44.Ke3 a4 45.Rc6+ Kd7 46.Rb6 Rb2 47.Kd3 b3 48.cxb3 Rxb3+ 49.Rxb3 axb3 50.Kc3 Kc6
51.Kxb3 Kb5 52.Kc3 Kc5 53.Kd3 Kb4 54.Kd2 Kc4 55.Ke2 Kd4 56.Kd2 Kxe4 57.Ke2 Kf4
58.Kf2 h5 59.Ke2 Kg3  0-1

[Event "Narciso Yepes Mem"]
[Site "Lorca ESP"]
[Date "2007.06.26"]
[Round "4"]
[White "Baklan,V"]
[Black "Flores,Di"]
[Result "1/2-1/2"]
[WhiteElo "2618"]
[BlackElo "2543"]

1.e4 c5 2.Nf3 e6 3.Nc3 a6 4.d4 cxd4 5.Nxd4 Qc7 6.Bd3 b5 7.O-O Bb7 8.Re1 Bc5
9.Nb3 Bd6 10.h3 Ne7 11.Qh5 Nbc6 12.Bd2 Ng6 13.a4 b4 14.Ne2 O-O 15.Rac1 Nce5
16.Ned4 Nc4 17.Bxc4 Qxc4 18.c3 bxc3 19.Rxc3 Qxa4 20.Ra1 Qb4 21.Rc6 Qxb3 22.Nxb3 Bxc6
23.Qe2 Be5  1/2-1/2

[Event "White Nights"]
[Site "St Petersburg RUS"]
[Date "2007.06.27"]
[Round "3"]
[White "Yankovsky,R"]
[Black "Karasev,V"]
[Result "1/2-1/2"]
[WhiteElo "2233"]
[BlackElo "2376"]

1.e4 c5 2.Nf3 e6 3.d4 cxd4 4.Nxd4 a6 5.Nc3 Qc7 6.g3 Bb4 7.Ne2 Nf6 8.Bg2 d5
9.a3 Bxc3+ 10.Nxc3 Nxe4 11.Nxe4 dxe4 12.Bxe4 O-O 13.O-O e5 14.Re1 Be6 15.c3 Nc6
16.Be3 Rad8 17.Qc2 f5 18.Bg2 Bd5 19.Bg5 Rd7 20.Bxd5+ Rxd5 21.Qb3 Qf7 22.Rad1 Rxd1
23.Qxf7+ Kxf7 24.Rxd1 Ke6 25.Be3 Rd8 26.Rxd8 Nxd8 27.Kf1 Kd5 28.b3 Nc6 29.Bb6 g5
30.Ke2 e4 31.Ke3 Ne5 32.h3 h5 33.c4+ Ke6 34.Bd8 Nf7 35.Bc7 Kd7 36.Bb6 Ne5
37.Bd4 Ke6 38.Bb6 Nf7 39.Bc7 Kd7 40.Bb6 Ne5 41.Bd4 Kd6 42.Bb6 Ke7 43.Bc5+ Ke6
44.Bb6 Nc6 45.Bc7 Kd7 46.Bb6 Kd6 47.g4 hxg4 48.hxg4 Ke6 49.Bc7 Kd7 50.Bb6 Ke6
51.Bc7 Kd7 52.Bb6  1/2-1/2

[Event "King's Gambit B"]
[Site "Lipetsk RUS"]
[Date "2007.06.28"]
[Round "9"]
[White "Szieberth,A"]
[Black "Ajrapetian,G"]
[Result "1-0"]
[WhiteElo "2321"]
[BlackElo "2269"]

1.e4 c5 2.Nf3 e6 3.d4 cxd4 4.Nxd4 a6 5.Nc3 Qc7 6.Be2 b5 7.f4 Bb7 8.Bf3 Nc6
9.Nxc6 dxc6 10.Be3 e5 11.Qd2 Bd6 12.O-O-O Rd8 13.Qf2 Qe7 14.Bb6 Bc7 15.Rxd8+ Qxd8
16.Rd1 Qe7 17.Bg4 Nf6 18.Bd7+ Nxd7 19.Bxc7 c5 20.Bd6 Qf6 21.g3 g5 22.f5 b4
23.Na4 Bxe4 24.Nxc5 Qxf5 25.Nxe4 Qxe4 26.Qa7 Qc6 27.Bxe5 Rg8 28.Bd6 Rg6 29.Qd4 f6
30.Qe3+ Ne5 31.Bxe5 fxe5 32.Qxe5+ Qe6 33.Qb8+ Kf7 34.Qc7+  1-0

[Event "Tespo Engineering"]
[Site "Brno CZE"]
[Date "2007.06.30"]
[Round "2"]
[White "Cernousek,L"]
[Black "Bernasek,J"]
[Result "0-1"]
[WhiteElo "2411"]
[BlackElo "2509"]

1.e4 c5 2.Nf3 e6 3.d4 cxd4 4.Nxd4 a6 5.Nc3 Qc7 6.Bd3 Nf6 7.O-O Nc6 8.Nxc6 dxc6
9.f4 e5 10.Kh1 Bd6 11.f5 b5 12.a4 Bb7 13.Qe2 Be7 14.Be3 Nd7 15.Rad1 Rd8 16.Qg4 Bf6
17.Be2 Kf8 18.Rd2 Be7 19.Rfd1 Nf6 20.Rxd8+ Bxd8 21.Qf3 Be7 22.Bf2 h6 23.Qd3 Kg8
24.Bh4 Kh7 25.Bxf6 Bxf6 26.Qd7 Rc8 27.Bh5 b4 28.Ne2 c5 29.Ng3 Bh4 30.Bxf7 Rd8
31.Be6 Bc6  0-1

[Event "94th ch-GBR"]
[Site "Great Yarmouth ENG"]
[Date "2007.07.01"]
[Round "3"]
[White "Stokes,I"]
[Black "Ciuksyte,D"]
[Result "0-1"]
[WhiteElo "2055"]
[BlackElo "2426"]

1.e4 c5 2.Nf3 e6 3.Nc3 a6 4.d4 cxd4 5.Nxd4 b5 6.Bd3 Bb7 7.O-O d6 8.a4 b4
9.Na2 a5 10.c3 Nf6 11.Re1 bxc3 12.Nxc3 Be7 13.Bb5+ Nbd7 14.Nc6 Bxc6 15.Bxc6 Rc8
16.Bb5 O-O 17.f4 Qc7 18.Qf3 Rfd8 19.g4 h6 20.h4 h5 21.g5 Ng4 22.Be2 Nc5 23.Qg3 d5
24.Bxg4 hxg4 25.exd5 exd5 26.Qxg4 Nd3 27.Rf1 Qb6+ 28.Kg2 d4 29.Nb5 Rc2+ 30.Kg3 Qc6
31.Qf3 Qxf3+ 32.Kxf3 Rdc8 33.Nxd4 Rxc1 34.Raxc1 Nxc1 35.f5 Nd3 36.Rd1 Nxb2  0-1

[Event "Summer GM"]
[Site "Lugansk UKR"]
[Date "2007.07.01"]
[Round "1"]
[White "Blednov,S"]
[Black "Bryzgalin,K"]
[Result "0-1"]
[WhiteElo "2301"]
[BlackElo "2482"]

1.e4 c5 2.Nf3 e6 3.Nc3 a6 4.d4 cxd4 5.Nxd4 b5 6.g3 Bb7 7.Bg2 Nf6 8.Bg5 b4
9.Na4 Qa5 10.Bxf6 gxf6 11.b3 f5 12.Qh5 Bg7 13.O-O-O Nc6 14.Ne2 fxe4 15.Qxa5 Nxa5
16.Nc5 d5 17.Nd4 Rc8 18.Nxb7 Nxb7 19.f3 exf3 20.Bxf3 Nd6 21.Rhe1 O-O 22.Bg4 Kh8
23.Rd3 a5 24.Rf1 Ne4 25.Bf3 Nc3 26.Kb2 Nb5  0-1

[Event "South African Open"]
[Site "Cape Town RSA"]
[Date "2007.07.02"]
[Round "6"]
[White "Kobese,W"]
[Black "Solomon,K"]
[Result "1/2-1/2"]
[WhiteElo "2389"]
[BlackElo "2320"]

1.e4 c5 2.Nf3 e6 3.d4 cxd4 4.Nxd4 a6 5.Nc3 Qc7 6.Bd3 Bd6 7.Qg4 Be5 8.Nde2 d6
9.f4 Bf6 10.e5 dxe5 11.Ne4 g6 12.O-O Bg7 13.fxe5 Bxe5 14.Qh4 f5 15.Ng5 h6
16.Nf3 Bf6 17.Qa4+ Nc6 18.Nf4 Ne7 19.Qb3 e5 20.Nd5 Nxd5 21.Qxd5 Qb6+ 22.Kh1 Ne7
23.Qc4 Be6 24.Be3 Bxc4 25.Bxb6 Bxd3 26.cxd3 Kf7 27.Rae1 Nd5 28.Bc5 Rhe8 29.Bd6 Nf4
30.Re3 Rad8 31.Bxe5 Nxd3 32.Bxf6 Kxf6 33.Rxe8 Rxe8 34.Kg1 Rc8 35.Rd1 Rc1
36.Rxc1 Nxc1 37.a3 Nd3 38.b3 Nc1 39.b4 Nd3 40.Kf1 Ne5 41.Nd4 Nc6 42.Nb3 b6
43.Ke2 Ke5 44.Kd3 Kd5 45.Nd2 Ne5+ 46.Kc3 f4 47.a4 g5 48.h3 h5 49.a5 bxa5
50.bxa5 g4 51.hxg4 hxg4 52.Nb3 g3 53.Nd4 Nc6 54.Nf3 Nxa5 55.Kd3 Nc4 56.Ng5 Ne5+
57.Ke2 a5 58.Kd2 f3 59.Nh3 fxg2 60.Nf4+ Ke4 61.Nxg2 a4 62.Kc3 Kf3 63.Nh4+ Kf2
64.Kb4 Nf3 65.Ng6 Ke3 66.Ne7 g2 67.Nd5+ Kd2 68.Nc3 g1=Q 69.Ne4+ Ke3 70.Nc3 Qg4+
71.Ka3 Kd3 72.Nxa4 Qg2 73.Nb2+ Kc2 74.Na4 Qg3 75.Kb4 Qf4+ 76.Kb5 Kb3 77.Nc5+ Ka3
78.Kc6 Nd4+ 79.Kd5 Qf5+ 80.Kxd4 Kb4 81.Nd3+ Qxd3+  1/2-1/2

[Event "Asian Youth GU18"]
[Site "Tashkent UZB"]
[Date "2007.07.02"]
[Round "5"]
[White "Preethi,R"]
[Black "Sivasankari,P"]
[Result "1-0"]
[WhiteElo "2115"]
[BlackElo "2069"]

1.e4 c5 2.Nf3 e6 3.d4 cxd4 4.Nxd4 a6 5.Nc3 Qc7 6.Bd3 Nf6 7.O-O b5 8.Be3 Bb7
9.a3 d5 10.exd5 Nxd5 11.Nxd5 Bxd5 12.Re1 Be7 13.Qg4 Qe5 14.Nf3 h5 15.Qh3 Qc7
16.Bd4 Qb7 17.Qg3 Bf8 18.Ng5 Rh6 19.Nh7 h4 20.Qg4 Nd7 21.Nxf8 Nxf8 22.Bxg7 Rg6
23.Bxg6 Nxg6 24.Bf6 Rc8 25.Rad1 Rc4 26.Rd4 Rc8 27.c3 Rc4 28.f4 Rxd4 29.cxd4 Be4
30.f5 exf5 31.Qxf5 Qc6 32.Rxe4+ Kf8 33.Re1 Qc4 34.Qg5 Kg8 35.Qh6  1-0

[Event "DS"]
[Site "Brno CZE"]
[Date "2007.07.03"]
[Round "5"]
[White "Vyskocil,N"]
[Black "Pertlova,S"]
[Result "1/2-1/2"]
[WhiteElo "2349"]
[BlackElo "2171"]

1.e4 c5 2.Nc3 e6 3.Nf3 a6 4.d4 cxd4 5.Nxd4 Qc7 6.g3 Nc6 7.Bg2 Nf6 8.O-O Be7
9.Re1 d6 10.Nxc6 bxc6 11.e5 dxe5 12.Rxe5 O-O 13.Re1 Bb7 14.Bf4 Qb6 15.Na4 Qa7
16.Qf3 Nd5 17.Bc1 Rad8 18.a3 Ba8 19.Qe2 c5 20.c4 Nf6 21.Be3 Bxg2 22.Kxg2 Qc7
23.Qf3 Nd7 24.Bf4 Bd6 25.Bxd6 Qxd6 26.Rad1 Qc7 27.Nc3 Ne5 28.Qe4 Nc6 29.Ne2 Rd7
30.Rxd7 Qxd7 31.Ng1 Rd8 32.Nf3 h6 33.Ne5 Nxe5 34.Qxe5 Qc6+ 35.Qe4 Qb6 36.Re2 Rd4
37.Qa8+ Rd8  1/2-1/2

[Event "White Nights"]
[Site "St Petersburg RUS"]
[Date "2007.07.03"]
[Round "9"]
[White "Urjubdshzirov,E"]
[Black "Karasev,V"]
[Result "1/2-1/2"]
[WhiteElo "2218"]
[BlackElo "2376"]

1.e4 c5 2.Nf3 e6 3.d4 cxd4 4.Nxd4 a6 5.Nc3 Qc7 6.g3 Bb4 7.Ne2 Nf6 8.Bg2 d6
9.a3 Bc5 10.b4 Ba7 11.Bf4 e5 12.Bg5 Nbd7 13.Qd3 h6 14.Be3 Bxe3 15.Qxe3 Nb6
16.O-O Be6 17.h3 d5 18.exd5 Nbxd5 19.Nxd5 Bxd5 20.c4 Bxg2 21.Kxg2 O-O 22.Rac1 Rad8
23.c5 Qc6+ 24.Kh2 Ne4 25.Rfd1 Ng5 26.Ng1 Rd5 27.h4 Ne6 28.Rxd5 Qxd5 29.Re1 f6
30.Nf3 Rd8 31.Re2 Nd4 32.Nxd4 Qxd4 33.Qb3+ Rd5 34.Qa2 f5 35.Kg2 e4 36.Rc2 Kh7
37.c6 bxc6 38.Rxc6 e3 39.fxe3 Qe4+ 40.Kf2 Re5 41.Rc3 Qh1 42.Qe2 Qh2+ 43.Kf3 Qh1+
44.Kf2 Qh2+ 45.Kf3 Qg1 46.Rc5 Qh1+ 47.Kf2 Qh2+ 48.Kf3 Qh1+ 49.Kf2 Qh2+ 50.Kf3  1/2-1/2

[Event "Open A"]
[Site "Kowalewo Pomorskie POL "]
[Date "2007.07.04"]
[Round "2"]
[White "Robak,Z"]
[Black "Szacht,E"]
[Result "1-0"]
[WhiteElo "2272"]
[BlackElo "2143"]

1.e4 c5 2.Nf3 e6 3.d4 cxd4 4.Nxd4 a6 5.Nc3 Qc7 6.Bd3 Nf6 7.O-O b5 8.Qe2 Bb7
9.Bg5 Nc6 10.Nb3 Be7 11.Rae1 d6 12.a4 b4 13.Nd1 O-O 14.f4 Na5 15.Nd2 h6 16.Bh4 Nxe4
17.Bxe7 Nxd2 18.Bxf8 Nxf1 19.Bxg7 Kxg7 20.Qg4+ Kf8 21.f5 Nd2 22.fxe6 Qc5+
23.Nf2  1-0

[Event "ch-BEL Expert"]
[Site "Namur BEL"]
[Date "2007.07.04"]
[Round "5"]
[White "Schuermans,R"]
[Black "Draftian,A"]
[Result "0-1"]
[WhiteElo "2277"]
[BlackElo "2243"]

1.e4 c5 2.Nf3 e6 3.Nc3 a6 4.d4 cxd4 5.Nxd4 Qc7 6.g3 Nf6 7.Bg2 Be7 8.O-O Nc6
9.Re1 O-O 10.Be3 Ne5 11.Bf4 d6 12.Bxe5 dxe5 13.Nb3 b5 14.a4 b4 15.Na2 Rd8
16.Qe2 a5 17.c4 Ba6 18.Nd2 Rd4 19.b3 Rad8 20.Nf1 Nd7 21.Rad1 Nc5 22.Rxd4 Rxd4
23.Nc1 Bb7 24.Qc2 Bg5 25.Ne2 Rd3 26.h4 Bh6 27.Rb1 Qd6 28.g4 f6 29.f3 Bf4
30.Kf2 f5 31.gxf5 exf5 32.Nxf4 exf4 33.exf5 Qd4+ 34.Ke2 Qg1 35.Ke1 Re3+ 36.Kd1 Bxf3+  0-1

[Event "Open A"]
[Site "Kowalewo Pomorskie POL "]
[Date "2007.07.05"]
[Round "3"]
[White "Bielinski,D"]
[Black "Staroszczyk,M"]
[Result "0-1"]
[WhiteElo "2211"]
[BlackElo "2050"]

1.e4 c5 2.Nf3 e6 3.Nc3 a6 4.d4 cxd4 5.Nxd4 Qc7 6.g3 Nf6 7.Bg2 Bc5 8.O-O d6
9.Kh1 O-O 10.Nb3 Ba7 11.f4 Nc6 12.a4 Bd7 13.Qe2 Nd4 14.Nxd4 Bxd4 15.Nd1 Bc6
16.c3 Ba7 17.c4 d5 18.cxd5 exd5 19.e5 Rfe8 20.Be3 d4 21.Bg1 Rad8 22.Qd3 Nd5
23.Be4 Ne3 24.Nf2 f5 25.exf6 Rxe4 26.Nxe4 Re8 27.Rfc1 Rxe4 28.Rxc6 Qxc6 29.Rc1 Qxc1
30.Qxe4 Qc6  0-1

[Event "ch-BEL Expert"]
[Site "Namur BEL"]
[Date "2007.07.05"]
[Round "6"]
[White "Schuermans,R"]
[Black "Duric,S"]
[Result "0-1"]
[WhiteElo "2277"]
[BlackElo "2214"]

1.e4 c5 2.Nf3 e6 3.Nc3 a6 4.d4 cxd4 5.Nxd4 Nc6 6.g3 Qc7 7.Bg2 Nf6 8.O-O d6
9.Nxc6 bxc6 10.b3 Be7 11.Bb2 O-O 12.Na4 e5 13.c4 c5 14.Nc3 Bg4 15.Qd2 Rae8
16.h3 Bd7 17.Rad1 Bc6 18.Qd3 Qb7 19.Rfe1 Nd7 20.Nd5 Bxd5 21.cxd5 Ra8 22.Bf3 a5
23.a4 Bg5 24.Rb1 Rfb8 25.Bd1 Qb6 26.Bc2 Qc7 27.Bc3 g6 28.h4 Bh6 29.Kg2 Rc8
30.Qd1 c4 31.b4 axb4 32.Rxb4 Rab8 33.Rxb8 Rxb8 34.h5 Nc5 35.Rh1 Bg7 36.Qa1 Nb3
37.Qa3 Nd4 38.Bd1 f5 39.Bb4 Bf8 40.hxg6 hxg6 41.exf5 Qb7 42.Bf3 Qxb4 43.Qe3 Qb3  0-1

[Event "XXX Open"]
[Site "Barbera del Valles ESP"]
[Date "2007.07.07"]
[Round "2"]
[White "Nijboer,F"]
[Black "Vehi Bach,V"]
[Result "1-0"]
[WhiteElo "2568"]
[BlackElo "2388"]

1.e4 c5 2.Nf3 e6 3.Nc3 a6 4.d4 cxd4 5.Nxd4 Qc7 6.Bd3 Nc6 7.Nxc6 dxc6 8.O-O e5
9.f4 Nf6 10.Kh1 Bd6 11.f5 b5 12.a4 b4 13.Nb1 a5 14.Nd2 Be7 15.b3 O-O 16.Bb2 Rd8
17.Qe2 Bc5 18.Nf3 Re8 19.Rad1 Bb7 20.Qe1 Ba6 21.Bxa6 Rxa6 22.Qg3 Bd6 23.Nd2 Qe7
24.Nc4 Bc7 25.Qf3 Raa8 26.Rd3 Nd7 27.Qe3 Nf6 28.Rfd1 h6 29.g3 Rad8 30.Kg2 Ra8
31.h3 Rec8 32.g4 Rd8 33.Rxd8+ Rxd8 34.Rxd8+ Qxd8 35.Nd2 Bb6 36.Qd3 Qxd3 37.cxd3 Nd7
38.Nc4 f6 39.Kf3 Kf7 40.h4 c5 41.g5 hxg5 42.hxg5 Bc7 43.Bc1 Nb6 44.g6+ Kf8
45.Nxa5 Nxa4 46.Nb7 Nc3 47.Nxc5  1-0

[Event "FSIMB July"]
[Site "Budapest HUN"]
[Date "2007.07.07"]
[Round "1"]
[White "Citak,S"]
[Black "Ravot,S"]
[Result "1-0"]
[WhiteElo "2365"]
[BlackElo "2238"]

1.e4 c5 2.Nf3 e6 3.d4 cxd4 4.Nxd4 a6 5.Nc3 b5 6.Bd3 d6 7.O-O Bb7 8.Qe2 Nd7
9.f4 Ngf6 10.Kh1 Qc7 11.a4 b4 12.Na2 Nc5 13.e5 dxe5 14.fxe5 Nfe4 15.Nxb4 Qxe5
16.Nbc6 Bxc6 17.Nxc6 Qd5 18.Nb4 Qb7 19.Nxa6 Nxd3 20.Nc7+ Qxc7 21.Qxe4 Rb8
22.Qxd3 Bd6 23.h3 O-O 24.c3 Be5 25.Qe2 Rb3 26.a5 Ra8 27.a6 Bd6 28.Be3 Qc6
29.Ra2 Qd5 30.Qf3 Qxf3 31.gxf3 Kf8 32.Rd1 Ke7 33.a7 f5 34.Bg5+  1-0

[Event "Open A"]
[Site "Kowalewo Pomorskie POL "]
[Date "2007.07.07"]
[Round "5"]
[White "Bieganowski,R"]
[Black "Zielinski,O"]
[Result "1/2-1/2"]
[WhiteElo "1964"]
[BlackElo "2044"]

1.e4 c5 2.Nf3 e6 3.d4 cxd4 4.Nxd4 a6 5.Nc3 Qc7 6.Bd3 Nc6 7.Nxc6 dxc6 8.Be3 b5
9.Qd2 e5 10.a3 Be6 11.f3 Nf6 12.O-O Be7 13.Qf2 Rc8 14.Rfd1 O-O 15.Ne2 c5
16.c3 Bb3 17.Rd2 Rfd8 18.Nc1 Be6 19.Qe2 c4 20.Bc2 Rxd2 21.Qxd2 Rd8 22.Qf2 Nd7
23.Ne2 Nc5 24.Ng3 g6 25.Nf1 Rd7 26.g4 Nd3 27.Bxd3 Rxd3 28.Kg2 Qd8 29.Rc1 Bh4
30.Qe2  1/2-1/2

[Event "6th Open"]
[Site "La Fere FRA"]
[Date "2007.07.07"]
[Round "1"]
[White "Tirard,H"]
[Black "Sobry,S"]
[Result "1-0"]
[WhiteElo "2476"]
[BlackElo "2075"]

1.e4 c5 2.Nf3 e6 3.d4 cxd4 4.Nxd4 a6 5.Nc3 Qc7 6.f4 Bb4 7.Qf3 Bxc3+ 8.bxc3 d6
9.Ba3 Nf6 10.O-O-O Nbd7 11.Nb3 Qc6 12.Bxd6 Qxe4 13.Be2 b6 14.Qf2 Ra7 15.Rhe1 Qc6
16.Bf3 Qxc3 17.Rd3 Qc4 18.Rd4 Qb5 19.a4 Qf5 20.Rc4 Kd8 21.Nd4  1-0

[Event "Summer GM"]
[Site "Lugansk UKR"]
[Date "2007.07.07"]
[Round "10"]
[White "Gutsko,N"]
[Black "Bryzgalin,K"]
[Result "0-1"]
[WhiteElo "2183"]
[BlackElo "2482"]

1.e4 c5 2.Nf3 e6 3.d4 cxd4 4.Nxd4 a6 5.Nc3 b5 6.Bd3 Bb7 7.O-O Qb6 8.Nb3 Qc7
9.Be3 Nf6 10.f3 d5 11.exd5 Nxd5 12.Nxd5 Bxd5 13.Qe2 Bd6 14.g3 O-O 15.Rfd1 Nd7
16.Qf2 Ne5 17.Be4 Bxe4 18.fxe4 Nc4 19.Bd4 f5 20.Qg2 f4 21.gxf4 Bxf4 22.Nc5 e5
23.Ne6 Qe7 24.Nxf4 Rxf4 25.Bf2 Raf8 26.Bg3 Qa7+ 27.Kh1 Ne3 28.Qg1 Rxe4 29.Rd2 Qb7  0-1

[Event "12th European Maccabi Games"]
[Site "Rome ITA"]
[Date "2007.07.07"]
[Round "3"]
[White "Shmirina,E"]
[Black "Ni,V"]
[Result "1-0"]
[WhiteElo "2130"]
[BlackElo "2147"]

1.e4 c5 2.Nf3 e6 3.d4 cxd4 4.Nxd4 a6 5.Nc3 Qc7 6.Bd3 Nf6 7.Qe2 b5 8.e5 b4
9.exf6 bxc3 10.O-O gxf6 11.Be4 Bb7 12.Bxb7 Qxb7 13.bxc3 Rg8 14.g3 Nc6 15.Bf4 Na5
16.Rab1 Qd5 17.Rfd1 Qc4 18.Qh5 Qc5 19.Qxh7 Rg6 20.Qh8 Nc4 21.Rb7 e5 22.Rdb1 Nd6
23.Rb8+ Rxb8 24.Rxb8+ Nc8 25.Nf5 Kd8 26.Be3 Qa3 27.Bb6+  1-0

[Event "Kaupthing Open"]
[Site "Differdange LUX"]
[Date "2007.07.08"]
[Round "2"]
[White "Wagener,Cl"]
[Black "Wirig,A"]
[Result "0-1"]
[WhiteElo "2307"]
[BlackElo "2487"]

1.e4 c5 2.Nf3 e6 3.Nc3 a6 4.d4 cxd4 5.Nxd4 b5 6.Bd3 d6 7.Qe2 Nf6 8.f4 Be7
9.O-O Bb7 10.Kh1 O-O 11.a3 Nbd7 12.Nf3 Nc5 13.Bd2 Nxd3 14.cxd3 Nd7 15.Rae1 Rc8
16.Ng5 h6 17.Nh3 Bh4 18.Rd1 Bf6 19.f5 exf5 20.Rxf5 Rc5 21.Rdf1 Rxf5 22.Rxf5 Re8
23.a4 bxa4 24.Qf2 Ne5 25.Qe2 Bc8 26.Rf1 Bxh3 27.gxh3 Bg5 28.Bxg5 Qxg5 29.d4 Ng6
30.Qxa6 Nf4 31.Rg1 Qh5 32.Rg3 Re6 33.Qxa4 Nxh3 34.Qc2 Nf4 35.Qf2 Rf6 36.Qe3 Ng6
37.Qe2 Qa5 38.Qd1 Rf2 39.Rg2 Rf4 40.e5 dxe5 41.d5 Rd4 42.Qe1 Rxd5 43.Rf2 Rd4
44.Rf5 Qa8+ 45.Kg1 Rg4+ 46.Kf2 Qg2+ 47.Ke3 Qxb2  0-1

[Event "FSGM July"]
[Site "Budapest HUN"]
[Date "2007.07.09"]
[Round "3"]
[White "Todorovic,GM"]
[Black "Bui Vinh"]
[Result "0-1"]
[WhiteElo "2471"]
[BlackElo "2466"]

1.e4 c5 2.Nf3 e6 3.d4 cxd4 4.Nxd4 a6 5.Nc3 Qc7 6.Bd3 Nf6 7.f4 d6 8.Qf3 b5
9.g4 Bb7 10.g5 Nfd7 11.a3 g6 12.Be3 Bg7 13.Qh3 O-O 14.O-O Nc6 15.Nxc6 Qxc6
16.Rae1 Rae8 17.Nd1 f5 18.gxf6 Nxf6 19.Nc3 Nh5 20.Nd1 d5 21.c3 dxe4 22.Bc2 Qc7
23.Qg2 Nxf4 24.Bxf4 Rxf4 25.Rxf4 Qxf4 26.Bxe4 Bxe4 27.Rxe4 Qc1 28.Re1 Rd8
29.Qg4 e5 30.Rf1 Re8 31.Qe4 Bh6 32.Nf2 Qe3 33.Re1 Qxe4 34.Nxe4 Rd8 35.Re2 Bf4
36.Nc5 Rd6 37.Kg2 g5 38.h3 Kf7 39.Kf3 Rh6 40.Kg2 Rc6 41.b4 Kf6 42.a4 Kf5
43.Ra2 Be3 44.axb5 axb5 45.Ra6 Rxa6 46.Nxa6 Bb6 47.Nb8 Ke6  0-1

[Event "Kaupthing Open"]
[Site "Differdange LUX"]
[Date "2007.07.09"]
[Round "4"]
[White "Kritz,L"]
[Black "Hoffmann,Mi1"]
[Result "1/2-1/2"]
[WhiteElo "2571"]
[BlackElo "2481"]

1.e4 c5 2.Nc3 e6 3.Nf3 a6 4.d4 cxd4 5.Nxd4 Qc7 6.Bd3 Nf6 7.Qe2 Bd6 8.h3 Nc6
9.Nxc6 bxc6 10.O-O Bh2+ 11.Kh1 Bf4 12.Bxf4 Qxf4 13.Na4 a5 14.b3 d5 15.exd5 cxd5
16.Bb5+ Ke7 17.Rad1 Rd8 18.c4 Bb7 19.Nc5 Qc7 20.Nxb7 Qxb7 21.Qe5 Qb6 22.a4 dxc4
23.bxc4 Rac8 24.Qg3 Ne4 25.Qh4+ Nf6 26.Qg3 Ne4 27.Qh4+ Nf6 28.Rxd8 Qxd8 29.Qg3 g6
30.Qf3 Qb6 31.Rd1 h5 32.Rd2 g5 33.Kg1 g4 34.hxg4 hxg4 35.Qg3 Qc7 36.Qc3 Qb6
37.Rd4 Qc5 38.Rd2 Qb6 39.Kf1 Rc7 40.Qg3 Qc5 41.Rd3 Qb6 42.Qf4 Qc5 43.Kg1 Rc8
44.Kf1 Qc7 45.Qc1 Qc5 46.Qh6 Qe5 47.Qc1 Qc5 48.Qf4 Qc7 49.Qc1 Qc5  1/2-1/2

[Event "ChIP"]
[Site "Paris FRA"]
[Date "2007.07.09"]
[Round "3"]
[White "Sochacki,W"]
[Black "Moradiabadi,E"]
[Result "0-1"]
[WhiteElo "2109"]
[BlackElo "2540"]

1.e4 c5 2.Nf3 e6 3.d4 cxd4 4.Nxd4 a6 5.Nc3 Qc7 6.Bd3 Nc6 7.Nxc6 bxc6 8.O-O Nf6
9.Qe2 d5 10.b3 Bb7 11.Bb2 Bd6 12.h3 e5 13.f4 O-O 14.f5 Bc5+ 15.Kh1 Bd4 16.Rab1 Rfe8
17.Nd1 dxe4 18.Bxe4 Bxb2 19.Rxb2 Nxe4 20.Qxe4 c5 21.Qc4 Rad8 22.c3 Qc6 23.f6 Qe6
24.Qh4 Qd6 25.fxg7 Qe7 26.Qg3 f5 27.Qh2 f4 28.Nf2 Qxg7 29.b4  0-1

[Event "Ikaros Festival"]
[Site "Agios Kirykos GRE"]
[Date "2007.07.11"]
[Round "5"]
[White "Zakarian,D"]
[Black "Milosevic,Go"]
[Result "1-0"]
[WhiteElo "2344"]
[BlackElo "2410"]

1.e4 c5 2.Nf3 e6 3.d4 cxd4 4.Nxd4 a6 5.Nc3 Qc7 6.Bd3 Nf6 7.Qe2 d6 8.f4 Nc6
9.Nxc6 bxc6 10.e5 dxe5 11.fxe5 Nd5 12.O-O Nxc3 13.bxc3 Be7 14.Kh1 Bb7 15.Rb1 O-O
16.Qg4 g6 17.Bh6 Rfd8 18.Rxf7 Kxf7 19.Rf1+  1-0

[Event "Campeonato Continental Absolut"]
[Site "Cali COL"]
[Date "2007.07.11"]
[Round "2"]
[White "Salazar,Je"]
[Black "Narvaez,F"]
[Result "0-1"]
[WhiteElo "2286"]
[BlackElo "2140"]

1.e4 c5 2.Nf3 e6 3.d4 cxd4 4.Nxd4 a6 5.Nc3 Qc7 6.Bd3 Nf6 7.Qe2 d6 8.O-O Be7
9.Bd2 Nbd7 10.Rae1 b5 11.f4 Bb7 12.a4 bxa4 13.Nxa4  0-1

[Event "6th Open"]
[Site "La Fere FRA"]
[Date "2007.07.11"]
[Round "6"]
[White "Riff,JN"]
[Black "Durot,Edwige"]
[Result "1-0"]
[WhiteElo "2460"]
[BlackElo "1441"]

1.e4 c5 2.Nc3 a6 3.Nf3 e6 4.d4 cxd4 5.Nxd4 Qc7 6.Be2 b5 7.O-O Nc6 8.Nxc6 dxc6
9.f4 Nf6 10.Be3 Be7 11.e5 Nd5 12.Nxd5 cxd5 13.Bd3 Bc5 14.Bxc5 Qxc5+ 15.Kh1 Bd7
16.Qe2 O-O 17.Qh5 g6 18.Qg5 Qc8 19.Rf3 Qd8 20.Qh6 f6 21.Bxg6  1-0

[Event "FSGM July"]
[Site "Budapest HUN"]
[Date "2007.07.13"]
[Round "7"]
[White "Kjartansson,G"]
[Black "Fogarasi,T"]
[Result "0-1"]
[WhiteElo "2306"]
[BlackElo "2425"]

1.e4 c5 2.Nf3 e6 3.d4 cxd4 4.Nxd4 a6 5.Nc3 Qc7 6.Bd3 Bd6 7.Qd2 Nc6 8.Be2 Be7
9.f4 d6 10.Bf3 Nf6 11.b3 O-O 12.Bb2 Nxd4 13.Qxd4 e5 14.Qd2 exf4 15.O-O-O Be6
16.Qxf4 Rac8 17.Kb1 Nd7 18.Rd2 Bf6 19.Nd5 Bxd5 20.Bxf6 Nxf6 21.exd5 Rfe8
22.h4 b5 23.h5 h6 24.g4 Qc3 25.g5 hxg5 26.Qxg5 Qxf3 27.Rg2 Nxh5 28.Rxh5 Re1+
29.Kb2 Qc3+ 30.Ka3 Re4 31.Rh4 Qb4+ 32.Kb2 Qd4+  0-1

[Event "FSGM July"]
[Site "Budapest HUN"]
[Date "2007.07.14"]
[Round "8"]
[White "Fruebing,S"]
[Black "Caruana,F"]
[Result "1/2-1/2"]
[WhiteElo "2319"]
[BlackElo "2549"]

1.e4 c5 2.Nf3 e6 3.d4 cxd4 4.Nxd4 a6 5.Nc3 d6 6.Be2 b5 7.a3 Bb7 8.f4 Nd7
9.O-O Ngf6 10.Bf3 Qc7 11.Kh1 Be7 12.Qe2 Rc8 13.Be3 O-O 14.Rae1 Rfe8 15.Qf2 Bf8
16.Nb3 Ba8 17.Rd1 Qb8 18.Ba7 Qc7 19.Be3 e5 20.Rfe1 exf4 21.Bxf4 Ne5 22.Nd2 g6
23.h3 Bg7 24.Be2 Rb8 25.Bg5 Nfd7 26.Rf1 b4 27.axb4 Rxb4 28.Bxa6 Nc5 29.Be2 Rxb2
30.Nb5 Qd7 31.Nxd6 Qxd6 32.Nc4 Qc7 33.Nxb2 Nxe4 34.Qf4 h6 35.Bd8 Rxd8 36.Rxd8+ Qxd8
37.Nc4 Qe7 38.Bd3 Ng5 39.Re1 Qb7 40.Qg3 Nxd3 41.cxd3 Kh7 42.Nd6 Qb4 43.h4 Ne6
44.Rf1 Nd8 45.Nxf7 Nxf7 46.Rxf7 Qa5 47.Rf1 h5 48.Re1 Bd5 49.Re7 Qa1+ 50.Kh2 Qb2
51.Kh1 Qf6 52.Re1 Bf8 53.Qc7+ Kg8 54.Qg3 Be7 55.Rxe7 Qxe7 56.Qxg6+ Kf8 57.Qxh5 Qe6
58.Qh8+ Ke7 59.Qg7+ Ke8 60.Qg3 Kd7 61.Kh2 Kc6 62.d4 Qe4 63.Qc3+ Kd7 64.Qh3+ Be6
65.Qg3 Qxd4 66.Kh1 Qe4 67.Kh2 Qd4  1/2-1/2

[Event "Heart of Finland"]
[Site "Jyvaskyla FIN"]
[Date "2007.07.17"]
[Round "4"]
[White "Agopov,M"]
[Black "Miezis,N"]
[Result "1/2-1/2"]
[WhiteElo "2436"]
[BlackElo "2524"]

1.e4 c5 2.Nf3 e6 3.d4 cxd4 4.Nxd4 a6 5.Nc3 Qc7 6.Bd3 Nc6 7.Nxc6 dxc6 8.O-O e5
9.f4 Nf6 10.Kh1 h5 11.Qe1 Bd6 12.f5 b5 13.a4 Bb7 14.Bg5 Be7 15.Nd1 Rd8 16.Qe2 h4
17.Ne3 Nh5 18.Bxe7 Qxe7 19.f6 gxf6 20.Nf5 Qc5 21.Qg4 Ng3+ 22.Nxg3 hxg3 23.Qxg3 Ke7
24.Qg7 Qd6 25.Qg3  1/2-1/2

[Event "XII Open"]
[Site "Balaguer ESP"]
[Date "2007.07.18"]
[Round "3"]
[White "Van Riemsdijk,H"]
[Black "Soumya,Sw"]
[Result "0-1"]
[WhiteElo "2420"]
[BlackElo "2178"]

1.e4 c5 2.Nf3 e6 3.d4 cxd4 4.Nxd4 a6 5.Nc3 Qc7 6.g3 Bb4 7.Ne2 Nf6 8.Bg2 Nc6
9.Bf4 Qa5 10.O-O O-O 11.a3 Be7 12.Bd6 Bxd6 13.Qxd6 Ne8 14.Qd2 d6 15.h3 b5
16.Rfd1 Rb8 17.Na2 Qb6 18.Nb4 Bb7 19.Nxc6 Bxc6 20.Nd4 Bb7 21.Nb3 f5 22.Nd4 fxe4
23.Nxe6 Rf6 24.Nf4 Nc7 25.h4 Rbf8 26.Qe3 Qc6 27.Rd4 d5 28.Rad1 Qb6 29.R1d2 Rxf4
30.gxf4 Qf6 31.Bh3 Ne6 32.Bxe6+ Qxe6 33.f3 Qh3 34.Rh2 Qg3+ 35.Rg2 Qh3 36.Qc3 exf3
37.Rg5 h6 38.Rg6 Rf6 39.Qd3 Re6 40.Kf2 Re2+ 41.Qxe2 fxe2 42.Kxe2 Kf7 43.Rd6 Bc8
44.R6xd5 Be6 45.Rd6 Qg2+ 46.Kd1 Bg4+ 47.Kc1 Qf1+ 48.Kd2 Qf2+ 49.Kc3 Bf5 50.Kb4 Qxc2
51.Rd2 Qa4+ 52.Kc5 b4 53.R6d4 Qb5+ 54.Kd6 Qb6+ 55.Kd5 a5 56.axb4 axb4 57.h5 Ke7
58.Re2+ Be6+ 59.Ke4 Kf6 60.Red2 Qc6+ 61.Ke3 Qc5 62.Ke4 b3 63.Rd6 Qxh5 64.Ke3 Qc5+
65.Kf3 Kf7 66.R6d4 h5 67.f5 Bxf5 68.Rd5 Bg4+ 69.Kf4 Qc7+ 70.Kg5 Qe7+ 71.Kf4 g5+
72.Kg3 Qe3+ 73.Kh2 Qh3+ 74.Kg1 Qg3+ 75.Kf1 Be6 76.R5d4 h4 77.Rf2+ Kg6 78.Re2 Bh3+  0-1

[Event "ch-ITA w"]
[Site "Fiuggi ITA"]
[Date "2007.07.18"]
[Round "1"]
[White "Messina,R"]
[Black "Panella,F"]
[Result "0-1"]
[WhiteElo "1859"]
[BlackElo "1968"]

1.e4 c5 2.Nf3 e6 3.d4 cxd4 4.Nxd4 a6 5.Nc3 Qc7 6.a3 Nf6 7.g3 Be7 8.Bg2 Nc6
9.Nde2 O-O 10.O-O b5 11.h3 Bb7 12.Bf4 d6 13.g4 Rfd8 14.Ng3 Rac8 15.g5 Nd7
16.h4 Nde5 17.h5 b4 18.axb4 Nxb4 19.g6 hxg6 20.Kh2 g5 21.Bxe5 dxe5 22.Qe2 a5
23.Rh1 Ba6 24.Qf3 Rd2 25.Rac1 Qa7 26.Qe3 Qxe3 27.fxe3 Nxc2 28.Nb1 Rdd8 29.Bf1 Bb7
30.Nc3 Nxe3 31.Re1 Ng4+ 32.Kg2 f5 33.Be2 Ne3+ 34.Kf3 Nc2 35.Rd1 g4+ 36.Kf2 Bc5+  0-1